000 00820nam a22002537a 4500
005 20170124110143.0
010 _aA-759563
020 _c00.00
_a0074624962
035 _aA-759563
037 _bCen Lib/Ret
040 _aDPL
_bEN
082 _a658.562
_bWIL
100 _aWilson, Paul F.
_926303
245 _aRoot cayse analysis :
_cby Paul F. Wilson, Larry D. Dell [and] Gaylord F. Anderson
_ba tool total quality management /
260 _aNew Delhi
_bTata McGraw-Hill
_c1993
270 _bNew Delhi
_a4/12 Asaf Ali Road
_e110002
300 _axiii,215p. :
_c22cm(Hb)
_bill.
500 _aIncludes index
650 _aQuality management
_917216
650 _aManagement
_93072
700 _aDell, Larry D.
_932854
700 _aAnderson, Gaylord F.
_932855
942 _2ddc
_cEN
_h658.562
_mWIL
999 _c131807
_d131807